| 000 | 00000nam##2200000za#4500 |
| 001 | 9.679818 |
| 003 | CaOODSP |
| 005 | 20250319165114 |
| 007 | ta |
| 008 | 150407|1996||||xxc||||| f|0| 0 fre|d |
| 020 | |a0-662-81293-X |
| 040 | |aCaOODSP|bfre |
| 043 | |an-cn--- |
| 086 | 1 |aH68-38/1996F |
| 110 | 1 |aCanada.|bSanté Canada. |bConsei national du bien-être social. |
| 245 | 10|aGuide relatif à la prestation aux aîné(e)s : |brapport du Conseil national du bien-être social |
| 260 | |aOttawa - Ontario : |bSanté Canada. |c1996. |
| 300 | |a32p. : |bgraphiques, tableaux ; |c28 cm. |
| 500 | |aSommaire: Introduction.--Le budget de 1996 et la prestation aux aîné(e)s.--Les répercussions globales des propositions.--Questions et préoccupations concernant les propositions fédérales.--Conclusion et recommandations.--Annexe. |
| 563 | |aCouverture souple |
| 590 | |a96-32|b1996-08-09 |
| 691 | 07|aAîné|2gcpds |
| 691 | 07|aProgrammes sociaux|2gcpds |
| 775 | 08|tA guide to the proposed seniors benefit : |w(CaOODSP)9.646252 |
| 776 | 0#|tGuide relatif à la prestation aux aîné(e)s |w(CaOODSP)9.640696 |